000 00441nam a2200169Ia 4500
001 25198
003 IN-NITTTR
005 20251114233320.0
008 251113s9999||||xx |||||||||||||| ||eng||
040 _beng
040 _cIN-NITTTR
041 _aeng
082 _a005.133 J328
245 0 _aJava in telecommunications :
_b Solutions for next generation networks /
_cJepsen, Thomas C, ed.
700 _aJepsen, Thomas C
942 _2ddc
_cBK
999 _c27827
_d27827